| 000 | 00904cam a22002651 4500 | ||
|---|---|---|---|
| 001 | f 01001740 | ||
| 003 | DLC | ||
| 005 | 20260227111240.0 | ||
| 008 | 840608s1868 gw c 000 0 fre | ||
| 010 | _af 01001740 | ||
| 035 | _a(OCoLC)10820900 | ||
| 040 |
_aDLC _cNhD _dNhD _dDLC |
||
| 042 | _apremarc | ||
| 050 | 0 | 0 |
_aPC3225 _b.B36 1868 |
| 100 | 1 |
_aBartsch, Karl, _d1832-1888. |
|
| 245 | 1 | 0 |
_aChrestomathie provençale, _baccompagnée d'une grammaire et d'un glossaire, _cpar Karl Bartsch. |
| 250 | _a2. éd., augm. et entièrement refondue. | ||
| 260 |
_aElberfeld, _bR.L. Friderichs, _c1868. |
||
| 300 |
_aiv p., 574 col., [1] p. _c24 cm. |
||
| 500 | _aDouble columns. | ||
| 530 | _aAlso available in digital form on the Internet Archive Web site. | ||
| 650 | 0 | _aProvençal literature. | |
| 650 | 0 |
_aProvençal language _xGrammar. |
|
| 856 | 4 | 1 | _uhttp://hdl.loc.gov/loc.gdc/scd0001.00032098125 |
| 999 |
_c22628 _d22628 |
||